Štruktúra zdrojov financovania malých a stredných podnikov diplomová práca

Enregistré dans:
Détails bibliographiques
Auteur principal: Bačík, Marek
Collectivité auteur: Fakulta podnikového manažmentu EU. Katedra podnikových financií
Autres auteurs: Fetisovová, Elena
Format: Livre
Langue:slovaque
Publié: Bratislava 2018
Tags: Ajouter un tag
Pas de tags, Soyez le premier à ajouter un tag!

MARC

LEADER 00000nbm a2200000 4500
001 0244596
005 20181001110724.8
041 0 |a slo 
044 |a SK 
245 1 0 |a Štruktúra zdrojov financovania malých a stredných podnikov  |b diplomová práca  |c Marek Bačík ; školiteľ: Elena Fetisovová 
264 1 |a Bratislava  |c 2018 
300 |a 90 s. 
100 1 |a Bačík, Marek 
700 1 |a Fetisovová, Elena 
710 2 |a Fakulta podnikového manažmentu EU. Katedra podnikových financií